000 00508nam a2200181Ia 4500
005 20250326141315.0
008 250326s9999 xx 000 0 und d
037 _aTextbook
040 _aFMSL
_beng
_cFMSL
041 _aeng
_2eng
084 _qFMSL
100 _aFatouros A.a. Ed.
_9744132
245 0 _aTransnational Corporation : The International legal framework.
_cFatouros A.a. Ed.
260 _aLondon
_bLondon, Rautledge
_c1993
300 _a553p
942 _cTB
999 _c1289695
_d1289695